| 000 | 00380pab a2200145 454500 | ||
|---|---|---|---|
| 008 | 180718b1985 xxu||||| |||| 00| 0 eng d | ||
| 100 | _aWeale, Albert | ||
| 245 |
_aMr. Fowler's psychology _bReform of social security |
||
| 260 | _c1985 | ||
| 300 | _a321-30 | ||
| 362 | _aOct.-Dec. | ||
| 650 | _aInsurance, Social - Legislation | ||
| 773 | _aPolitical Quarterly | ||
| 909 | _a11095 | ||
| 999 |
_c11095 _d11095 |
||